书目信息 |
| 题名: |
营城
|
|
| 作者: | 朱祖希 著 | |
| 分册: | ||
| 出版信息: | 北京 北京出版社 2021.10 |
|
| 页数: | 267页 | |
| 开本: | 24cm | |
| 丛书名: | 北京中轴线文化游典 | |
| 单 册: | ||
| 中图分类: | TU984.21 | |
| 科图分类: | ||
| 主题词: | 城市规划--cheng shi gui hua--介绍--北京 | |
| 电子资源: | ||
| ISBN: | 978-7-200-16170-0 | |
| 000 | 01004nam 2200253 450 | |
| 001 | 26679 | |
| 005 | 20220920145619.67 | |
| 010 | @a978-7-200-16170-0@dCNY79.80 | |
| 100 | @a20220301d2021 em y0chiy50 ea | |
| 101 | 0 | @achi |
| 102 | @aCN@b110000 | |
| 105 | @aa z 000yy | |
| 200 | 1 | @a营城@Aying cheng@e巨匠神工@f朱祖希著 |
| 210 | @a北京@c北京出版社@d2021.10 | |
| 215 | @a267页@c彩图@d24cm | |
| 225 | 2 | @a北京中轴线文化游典@Abei jing zhong zhou xian wen hua you dian |
| 330 | @a本书分为: “营城篇”、“中轴篇”两部分, 主要内容包括: 我们的祖先为什么选择这里 ; 蓟城, 北京的起源地 ; 幽州城, 中国北方的军事重镇 ; 南京城, 辽朝的陪都 ; 中都城, 金朝的政治中心 ; 大都城, 元代一统中华的首都 ; 北京城, 中国历代都城的最后结晶等。 | |
| 410 | 0 | @12001 @a北京中轴线文化游典 |
| 517 | 1 | @a巨匠神工@Aju jiang shen gong |
| 606 | 0 | @a城市规划@Acheng shi gui hua@x介绍@y北京 |
| 690 | @aTU984.21@v5 | |
| 701 | 0 | @a朱祖希@Azhu zu xi@4著 |
| 801 | 0 | @aCN@c20220910 |
| 905 | @a河南城建学院图书馆@dTU984.21@eZ890@f2 | |
| 营城:巨匠神工/朱祖希著.-北京:北京出版社,2021.10 |
| 267页:彩图;24cm.-(北京中轴线文化游典) |
| ISBN 978-7-200-16170-0:CNY79.80 |
| 本书分为: “营城篇”、“中轴篇”两部分, 主要内容包括: 我们的祖先为什么选择这里 ; 蓟城, 北京的起源地 ; 幽州城, 中国北方的军事重镇 ; 南京城, 辽朝的陪都 ; 中都城, 金朝的政治中心 ; 大都城, 元代一统中华的首都 ; 北京城, 中国历代都城的最后结晶等。 |
| ● |
| 相关链接 |
|
|
|
正题名:营城
索取号:TU984.21/Z890
 
预约/预借
| 序号 | 登录号 | 条形码 | 馆藏地/架位号 | 状态 | 备注 |
| 1 | 1578019 | 215780199 | 建筑库201/201建筑库 65排7列5层/ [索取号:TU984.21/Z890] | 在馆 | |
| 2 | 1578020 | 215780206 | 建筑库201/201建筑库 65排7列5层/ [索取号:TU984.21/Z890] | 在馆 |